Normal view
MARC view
- تدريس-أساليب. معلمون-تدريب. علوم إجتماعية-تعلم وتعليم
Entry Topical Term
001 - CONTROL NUMBER
- control field: 38676
003 - CONTROL NUMBER IDENTIFIER
- control field: JO-AjAnu
005 - DATE AND TIME OF LATEST TRANSACTION
- control field: 20230606080434.0
008 - FIXED-LENGTH DATA ELEMENTS
- fixed length control field: 230606|| aca||aabn | a|a d
040 ## - CATALOGING SOURCE
- Original cataloging agency: JO-AjAnu
- Transcribing agency: JO-AjAnu
150 ## - HEADING--TOPICAL TERM
- Topical term or geographic name entry element: تدريس-أساليب. معلمون-تدريب. علوم إجتماعية-تعلم وتعليم
670 ## - SOURCE DATA FOUND
- Source citation: Work cat.: (JO-AjAnu)19837: علي، سر الختم عثمان, author 38675, تخطيط الدروس في المواد الإجتماعية